[Event "Europa tch 2011 femenino"]
[Site "Porto Carras"]
[Date "2011.11.11"]
[Round "9.9"]
[White "Hegarty, Sarah N"]
[Black "Haast, Anne"]
[Result "1-0"]
[WhiteElo "2060"]
[BlackElo "2268"]
[PlyCount "81"]
[EventDate "2011.11.03"]
[EventType "team"]
[EventRounds "9"]
[EventCountry "GRE"]
[Source "lmi"]
[SourceDate "2011.11.03"]
[WhiteTeam "England"]
[BlackTeam "Netherlands"]
[WhiteTeamCountry "ENG"]
[BlackTeamCountry "NED"]

1. e4 c5 2. Nf3 e6 3. d4 cxd4 4. Nxd4 Nc6 5. Nc3 Qc7 6. Ndb5 Qb8 7. Be3 a6 8.
Bb6 axb5 9. Nxb5 Bb4+ 10. c3 Ba5 11. Nc7+ Qxc7 12. Bxc7 Bxc7 13. Qg4 Kf8 14.
Bd3 Nf6 15. Qe2 g6 16. O-O Kg7 17. a4 d5 18. b4 b6 19. exd5 exd5 20. Qb2 Ne5
21. Bb5 Bf5 22. Rfd1 Rhd8 23. h3 h5 24. Qb3 Be6 25. Qc2 Rdc8 26. Qe2 Bd6 27.
Rac1 Nc4 28. f3 Bf4 29. Ra1 Bf5 30. Kh1 h4 31. Bxc4 Rxc4 32. Rd4 Rxd4 33. cxd4
Re8 34. Qb5 Nh5 35. Qxe8 Ng3+ 36. Kg1 Bd2 37. Qe5+ Kg8 38. Qe8+ Kg7 39. Qe5+
Kg8 40. a5 bxa5 41. Rxa5 1-0

[Event "Europa tch 2011 femenino"]
[Site "Porto Carras"]
[Date "2011.11.11"]
[Round "9.9"]
[White "Peng, Zhaoqin"]
[Black "Houska, Jovanka"]
[Result "1-0"]
[WhiteElo "2379"]
[BlackElo "2415"]
[PlyCount "107"]
[EventDate "2011.11.03"]
[EventType "team"]
[EventRounds "9"]
[EventCountry "GRE"]
[Source "lmi"]
[SourceDate "2011.11.03"]
[WhiteTeam "Netherlands"]
[BlackTeam "England"]
[WhiteTeamCountry "NED"]
[BlackTeamCountry "ENG"]

1. d4 d5 2. c4 c6 3. Nf3 Nf6 4. Qc2 g6 5. Bf4 Bg7 6. e3 O-O 7. Nc3 c5 8. dxc5
Qa5 9. Rd1 dxc4 10. Bxc4 Qxc5 11. Qb3 Nc6 12. Ng5 e6 13. Qb5 Qxb5 14. Bxb5 e5
15. Bg3 h6 16. Bxc6 bxc6 17. Nf3 e4 18. Nd4 Bd7 19. O-O Rfe8 20. Na4 Nd5 21.
Nc5 Bg4 22. Rd2 Nb6 23. h3 Bh5 24. Bh2 g5 25. g4 Bg6 26. b3 Rad8 27. Rfd1 Rd5
28. Na6 c5 29. Nc7 cxd4 30. Nxe8 d3 31. Nxg7 Kxg7 32. Rc1 h5 33. Rc7 a5 34. Kf1
hxg4 35. hxg4 Nd7 36. Ke1 Nf6 37. a3 Nxg4 38. Bg3 Ne5 39. Bxe5+ Rxe5 40. b4
axb4 41. axb4 g4 42. Rb2 Rh5 43. Kd2 Rh2 44. Kc3 Rh1 45. Rc5 Kf6 46. b5 Bf5 47.
b6 Bc8 48. Kd4 Ba6 49. Kxe4 Ke6 50. Re5+ Kd6 51. b7 f5+ 52. Rxf5 Bxb7+ 53. Rxb7
d2 54. Rd5+ 1-0

[Event "Europa tch 2011 femenino"]
[Site "Porto Carras"]
[Date "2011.11.11"]
[Round "9.9"]
[White "Yurenok, Maria S"]
[Black "Lanchava, Tea"]
[Result "0-1"]
[WhiteElo "2106"]
[BlackElo "2320"]
[PlyCount "156"]
[EventDate "2011.11.03"]
[EventType "team"]
[EventRounds "9"]
[EventCountry "GRE"]
[Source "lmi"]
[SourceDate "2011.11.03"]
[WhiteTeam "England"]
[BlackTeam "Netherlands"]
[WhiteTeamCountry "ENG"]
[BlackTeamCountry "NED"]

1. d4 g6 2. c4 Bg7 3. e4 d6 4. Nc3 Nd7 5. Be3 e5 6. d5 Ne7 7. g4 h6 8. f3 f5 9.
Qd2 Nf6 10. h3 a6 11. Bd3 Bd7 12. Nge2 Rb8 13. c5 f4 14. Bf2 dxc5 15. Bxc5 Nc8
16. a4 g5 17. Nc1 Bf8 18. Bxf8 Kxf8 19. b4 Qe7 20. Rb1 Kg7 21. b5 a5 22. Nb3
Ra8 23. Qf2 b6 24. Nd2 Nd6 25. Nc4 Rag8 26. Kd2 Nb7 27. h4 Kf7 28. h5 Rd8 29.
Ke2 Kg7 30. Rhg1 Rhf8 31. Bc2 Be8 32. Bd3 Nc5 33. Bc2 Bf7 34. Nd2 Bg8 35. Kf1
Bh7 36. Rb2 Nb7 37. Nc4 Bg8 38. Bd3 Bf7 39. Bc2 Be8 40. Rb1 Bd7 41. Rb2 Rde8
42. Rb1 Qd8 43. Bd1 Nc5 44. Qd2 Re7 45. Qc2 Be8 46. Nb2 Bf7 47. Nd3 Nb7 48. Nf2
Qd6 49. Na2 Be8 50. Nc1 Bf7 51. Qc6 Qxc6 52. bxc6 Nd6 53. Be2 Nxd5 54. exd5
Bxd5 55. Kg2 Bxc6 56. Bb5 Bb7 57. Rb2 e4 58. fxe4 Nxe4 59. Nxe4 Rxe4 60. Kf2
Re3 61. Rb3 Re5 62. Rc3 c6 63. Bd3 Rfe8 64. Bf5 R8e7 65. Rd1 b5 66. Rd7 Rxd7
67. Bxd7 b4 68. Rd3 c5 69. Bf5 Bd5 70. Ne2 c4 71. Rd4 Kf7 72. Ng1 c3 73. Nf3
Bxf3 74. Kxf3 Rxf5 75. gxf5 c2 76. Rc4 b3 77. Ke4 b2 78. Ke5 c1=Q 0-1

[Event "Europa tch 2011 femenino"]
[Site "Porto Carras"]
[Date "2011.11.11"]
[Round "9.10"]
[White "Cemhan, Kardelen"]
[Black "Medic, Mirjana"]
[Result "0-1"]
[WhiteElo "1881"]
[BlackElo "2236"]
[PlyCount "92"]
[EventDate "2011.11.03"]
[EventType "team"]
[EventRounds "9"]
[EventCountry "GRE"]
[Source "lmi"]
[SourceDate "2011.11.03"]
[WhiteTeam "Turkey"]
[BlackTeam "Croatia"]
[WhiteTeamCountry "TUR"]
[BlackTeamCountry "CRO"]

1. e4 e6 2. d4 d5 3. Nc3 Bb4 4. Bd3 Ne7 5. Nge2 c5 6. exd5 Nxd5 7. O-O cxd4 8.
Bb5+ Nc6 9. Qxd4 O-O 10. Bxc6 bxc6 11. Nxd5 c5 12. Nf6+ Qxf6 13. Qxf6 gxf6 14.
Bh6 Rd8 15. c3 Ba5 16. Ng3 Ba6 17. Rfd1 Bd3 18. Nh5 f5 19. Bg5 Be2 20. Nf6+ Kh8
21. Re1 Ba6 22. Re3 Rd3 23. Rxd3 Bxd3 24. Rd1 c4 25. Nd7 Kg7 26. Bf6+ Kg6 27.
Bd4 Bc7 28. Be5 Bb6 29. Bg3 Rd8 30. Ne5+ Kg7 31. Nxd3 cxd3 32. Kf1 f6 33. f3 e5
34. Bf2 e4 35. Bxb6 axb6 36. Kf2 Ra8 37. a3 Re8 38. Ke3 f4+ 39. Kd2 f5 40. Re1
Kf6 41. a4 Ke5 42. g4 e3+ 43. Kxd3 fxg4 44. Ke2 Rd8 45. fxg4 Rd2+ 46. Kf1 Ke4
0-1

[Event "Europa tch 2011 femenino"]
[Site "Porto Carras"]
[Date "2011.11.11"]
[Round "9.10"]
[White "Jelica, Mara"]
[Black "Menzi, Nezihe Ezgi"]
[Result "1-0"]
[WhiteElo "2234"]
[BlackElo "1911"]
[PlyCount "61"]
[EventDate "2011.11.03"]
[EventType "team"]
[EventRounds "9"]
[EventCountry "GRE"]
[Source "lmi"]
[SourceDate "2011.11.03"]
[WhiteTeam "Croatia"]
[BlackTeam "Turkey"]
[WhiteTeamCountry "CRO"]
[BlackTeamCountry "TUR"]

1. e4 e5 2. Nc3 Nf6 3. g3 c6 4. Bg2 d5 5. d4 Nxe4 6. Bxe4 dxe4 7. dxe5 Qxd1+ 8.
Nxd1 Bb4+ 9. Bd2 Bxd2+ 10. Kxd2 O-O 11. Nc3 Bf5 12. Re1 Rd8+ 13. Kc1 Re8 14.
Nxe4 Rxe5 15. Rd1 Na6 16. Nd6 Rd8 17. Nf3 Rxd6 18. Nxe5 Rxd1+ 19. Rxd1 Kf8 20.
Rd8+ Ke7 21. Ra8 f6 22. Nxc6+ Kd6 23. Nd4 Bd7 24. Rg8 g5 25. Rg7 h5 26. Rh7 Nc5
27. Rxh5 Ke5 28. Nb3 Ne4 29. f4+ Kf5 30. fxg5 fxg5 31. Rh7 1-0

[Event "Europa tch 2011 femenino"]
[Site "Porto Carras"]
[Date "2011.11.11"]
[Round "9.11"]
[White "Alexandrova, Olga"]
[Black "Daulyte, Deimante"]
[Result "1-0"]
[WhiteElo "2423"]
[BlackElo "2238"]
[PlyCount "69"]
[EventDate "2011.11.03"]
[EventType "team"]
[EventRounds "9"]
[EventCountry "GRE"]
[Source "lmi"]
[SourceDate "2011.11.03"]
[WhiteTeam "Espana"]
[BlackTeam "Lithuania"]
[WhiteTeamCountry "ESP"]
[BlackTeamCountry "LTU"]

1. d4 Nf6 2. c4 g6 3. Nc3 Bg7 4. e4 d6 5. f4 O-O 6. Nf3 Na6 7. Be2 e5 8. dxe5
dxe5 9. Nxe5 Qxd1+ 10. Bxd1 Nc5 11. Bf3 Re8 12. O-O c6 13. Re1 Nfd7 14. Nxd7
Bxd7 15. Be3 Bxc3 16. bxc3 Nxe4 17. Rad1 Nf6 18. Bd4 Nh5 19. Rxe8+ Rxe8 20. g3
Be6 21. Rb1 Re7 22. Bxc6 b6 23. c5 Bxa2 24. cxb6 Bxb1 25. bxa7 Rxa7 26. Bxa7
Ba2 27. Bd4 Ng7 28. Bxg7 Kxg7 29. Kf2 Kf6 30. Ke3 Be6 31. Be4 Ke7 32. h4 Kd6
33. Kd4 f6 34. h5 Bf7 35. h6 1-0

[Event "Europa tch 2011 femenino"]
[Site "Porto Carras"]
[Date "2011.11.11"]
[Round "9.11"]
[White "Calzetta Ruiz, Monica"]
[Black "Batkovskyte, Dominyka"]
[Result "1-0"]
[WhiteElo "2301"]
[BlackElo "2102"]
[PlyCount "77"]
[EventDate "2011.11.03"]
[EventType "team"]
[EventRounds "9"]
[EventCountry "GRE"]
[Source "lmi"]
[SourceDate "2011.11.03"]
[WhiteTeam "Espana"]
[BlackTeam "Lithuania"]
[WhiteTeamCountry "ESP"]
[BlackTeamCountry "LTU"]

1. e4 e6 2. d4 d5 3. Nd2 c5 4. Ngf3 cxd4 5. Nxd4 Nf6 6. e5 Nfd7 7. N2f3 Nc6 8.
Nxc6 bxc6 9. Bd3 Ba6 10. O-O Bxd3 11. cxd3 c5 12. Bg5 Be7 13. Bxe7 Qxe7 14. Qa4
O-O 15. Rac1 Rfc8 16. Rc2 c4 17. Rfc1 Rcb8 18. dxc4 Nb6 19. Qa6 dxc4 20. h3 h6
21. a4 Qb4 22. a5 Nd5 23. Nd4 Qa4 24. Rxc4 Qa2 25. Nxe6 Qxb2 26. Qd6 fxe6 27.
Qxe6+ Kh8 28. Qxd5 Rf8 29. Qd4 Qa2 30. e6 Qxa5 31. Rc7 Qg5 32. R1c5 Qg6 33. e7
Rfe8 34. R5c6 Qg5 35. h4 Qh5 36. Rd6 Kh7 37. Rd8 Qf7 38. Rxa8 Rxa8 39. e8=Q 1-0

[Event "Europa tch 2011 femenino"]
[Site "Porto Carras"]
[Date "2011.11.11"]
[Round "9.11"]
[White "Vanagaite, Giedre"]
[Black "Hernandez Estevez, Yudania"]
[Result "0-1"]
[WhiteElo "1958"]
[BlackElo "2284"]
[PlyCount "132"]
[EventDate "2011.11.03"]
[EventType "team"]
[EventRounds "9"]
[EventCountry "GRE"]
[Source "lmi"]
[SourceDate "2011.11.03"]
[WhiteTeam "Lithuania"]
[BlackTeam "Espana"]
[WhiteTeamCountry "LTU"]
[BlackTeamCountry "ESP"]

1. d4 d5 2. Nf3 Nf6 3. c4 c6 4. Nc3 dxc4 5. a4 Bf5 6. Ne5 Nbd7 7. Nxc4 Qc7 8.
g3 e5 9. dxe5 Nxe5 10. Bf4 Nfd7 11. Bg2 g5 12. Ne3 gxf4 13. Nxf5 O-O-O 14. Qc2
Nc5 15. O-O Ne6 16. Rac1 Kb8 17. Rfd1 Bc5 18. Ne4 Bb4 19. Qb3 a5 20. Nc3 Bc5
21. Ne4 Bb4 22. Nc3 Rxd1+ 23. Rxd1 Rd8 24. Qc2 Rxd1+ 25. Qxd1 Qd7 26. Qxd7 Nxd7
27. Be4 Ndc5 28. Bc2 b5 29. axb5 Bxc3 30. bxc3 a4 31. Nd6 a3 32. Bb1 Na4 33.
Nc4 Nxc3 34. Nxa3 Nxb1 35. Nxb1 cxb5 36. Kf1 Kc7 37. Ke1 Kd6 38. Kd2 b4 39. Kd3
Kd5 40. e4+ fxe3 41. Kxe3 Kc4 42. f4 f5 43. h3 Nc7 44. Nd2+ Kc3 45. Nb1+ Kc2
46. Nd2 Nd5+ 47. Ke2 b3 48. Nxb3 Nc3+ 49. Ke3 Kxb3 50. g4 Kc4 51. gxf5 Kd5 52.
Kf3 Ne4 53. Kg4 Nf6+ 54. Kg5 Ng8 55. h4 Kd6 56. Kh5 Ke7 57. Kg5 Kf7 58. Kg4 Kf6
59. Kh5 h6 60. Kg4 Ne7 61. Kh5 Nxf5 62. Kg4 Kg6 63. h5+ Kf6 64. Kf3 Ng7 65. Kg4
Ne6 66. f5 Ng7 0-1

[Event "Europa tch 2011 femenino"]
[Site "Porto Carras"]
[Date "2011.11.11"]
[Round "9.11"]
[White "Zaksaite, Salomeja"]
[Black "Vega Gutierrez, Sabrina"]
[Result "1/2-1/2"]
[WhiteElo "2200"]
[BlackElo "2327"]
[PlyCount "163"]
[EventDate "2011.11.03"]
[EventType "team"]
[EventRounds "9"]
[EventCountry "GRE"]
[Source "lmi"]
[SourceDate "2011.11.03"]
[WhiteTeam "Lithuania"]
[BlackTeam "Espana"]
[WhiteTeamCountry "LTU"]
[BlackTeamCountry "ESP"]

1. e4 c5 2. Nf3 e6 3. d4 cxd4 4. Nxd4 Nc6 5. Nc3 Nf6 6. Be3 Bb4 7. Bd3 d5 8.
Nxc6 bxc6 9. e5 d4 10. exf6 dxc3 11. b3 Qxf6 12. O-O O-O 13. a3 Be7 14. Bd4 Qh4
15. Bxc3 c5 16. Re1 Bb7 17. Re3 g6 18. Qe2 Bf6 19. Bxf6 Qxf6 20. Re1 Rfd8 21.
Re5 Rd5 22. Bc4 Rxe5 23. Qxe5 Qxe5 24. Rxe5 Rc8 25. f4 h5 26. g3 Kf8 27. Kf2
Ke7 28. Ke3 a5 29. Kd2 Kd6 30. h4 Ra8 31. a4 Rb8 32. Kc3 Bc6 33. Re1 Rb4 34.
Re3 Bd5 35. Bb5 Rd4 36. Rd3 Rxd3+ 37. Kxd3 e5 38. fxe5+ Kxe5 39. Ke3 Be4 40.
Bc4 f6 41. c3 Bd5 42. Bd3 g5 43. Be2 gxh4 44. gxh4 f5 45. Bd1 Bf7 46. Bc2 f4+
47. Kf2 Be6 48. Bd1 Bg4 49. Bc2 Kf6 50. Ke1 Bf5 51. Bd1 Kg6 52. Kf2 Be4 53. Ke2
Bd5 54. Kf2 Be6 55. Bc2+ Kf6 56. Kf3 Bf5 57. Be4 Ke5 58. Bc6 Bc2 59. Be8 Bxb3
60. Ke2 Kf5 61. Bxh5 Bxa4 62. Bf3 Bb3 63. Kd2 a4 64. Kc1 a3 65. Kb1 Ke5 66. h5
Kf5 67. Be2 Bg8 68. c4 Ke4 69. Ka2 Ke3 70. Bf1 Bh7 71. h6 f3 72. Kxa3 Kf2 73.
Bh3 Kg3 74. Bf1 Kf2 75. Bh3 Ke3 76. Ka4 Kd4 77. Bf1 f2 78. Kb5 Bg8 79. Be2 Bh7
80. Bf1 Bg8 81. Be2 Bh7 82. Bf1 1/2-1/2

[Event "Europa tch 2011 femenino"]
[Site "Porto Carras"]
[Date "2011.11.11"]
[Round "9.12"]
[White "Berzina, Ilze"]
[Black "Botsari, Anna-Maria"]
[Result "0-1"]
[WhiteElo "2320"]
[BlackElo "2313"]
[PlyCount "96"]
[EventDate "2011.11.03"]
[EventType "team"]
[EventRounds "9"]
[EventCountry "GRE"]
[Source "lmi"]
[SourceDate "2011.11.03"]
[WhiteTeam "Latvia"]
[BlackTeam "Greece"]
[WhiteTeamCountry "LAT"]
[BlackTeamCountry "GRE"]

1. e4 c5 2. Nf3 e6 3. d4 cxd4 4. Nxd4 Nc6 5. Nc3 Qc7 6. g3 a6 7. Bg2 d6 8. O-O
Nxd4 9. Qxd4 Bd7 10. Be3 Ne7 11. f4 Nc6 12. Qd3 Be7 13. Rad1 O-O 14. Kh1 Rac8
15. a3 Na5 16. f5 Nc4 17. Bd4 Nxb2 18. Qf3 Nxd1 19. Bxg7 Kxg7 20. f6+ Kh8 21.
fxe7 Qxc3 22. exf8=Q+ Rxf8 23. Qxd1 Qe5 24. Qd2 Bb5 25. Rd1 Rc8 26. Qf2 Kg7 27.
h4 Rc3 28. Kh2 Rxa3 29. Re1 Rc3 30. Rd1 a5 31. Bf1 Bc6 32. Bd3 a4 33. Rf1 Be8
34. Qb6 a3 35. Qxb7 Kf8 36. Qa8 Qc5 37. Kh3 Qb6 38. Ra1 Qb2 39. Rf1 a2 40. Qa6
Qa3 41. Qxa3 Rxa3 42. Ra1 Bc6 43. Kg4 Ra4 44. Kg5 Kg7 45. Kh5 f6 46. c3 h6 47.
Bc2 f5 48. Bxa4 Bxa4 0-1

[Event "Europa tch 2011 femenino"]
[Site "Porto Carras"]
[Date "2011.11.11"]
[Round "9.12"]
[White "Dembo, Yelena"]
[Black "Reizniece-Ozola, Dana"]
[Result "1/2-1/2"]
[WhiteElo "2468"]
[BlackElo "2281"]
[PlyCount "49"]
[EventDate "2011.11.03"]
[EventType "team"]
[EventRounds "9"]
[EventCountry "GRE"]
[Source "lmi"]
[SourceDate "2011.11.03"]
[WhiteTeam "Greece"]
[BlackTeam "Latvia"]
[WhiteTeamCountry "GRE"]
[BlackTeamCountry "LAT"]

1. e4 e6 2. d4 d5 3. Nc3 Nf6 4. e5 Nfd7 5. f4 c5 6. Nf3 Nc6 7. Be3 Qb6 8. a3 a6
9. Be2 cxd4 10. Nxd4 Bc5 11. Na4 Qa5+ 12. c3 Bxd4 13. Bxd4 Nxd4 14. Qxd4 Qc7
15. b4 O-O 16. O-O b5 17. Nb2 Bb7 18. a4 bxa4 19. Nxa4 Rfc8 20. Ra3 Bc6 21. Nb2
Bb5 22. Bd3 g6 23. Rfa1 Rab8 24. Rc1 Rb6 25. Bxb5 1/2-1/2

[Event "Europa tch 2011 femenino"]
[Site "Porto Carras"]
[Date "2011.11.11"]
[Round "9.12"]
[White "Erneste, Inguna"]
[Black "Pavlidou, Ekaterini"]
[Result "1/2-1/2"]
[WhiteElo "2218"]
[BlackElo "2176"]
[PlyCount "63"]
[EventDate "2011.11.03"]
[EventType "team"]
[EventRounds "9"]
[EventCountry "GRE"]
[Source "lmi"]
[SourceDate "2011.11.03"]
[WhiteTeam "Latvia"]
[BlackTeam "Greece"]
[WhiteTeamCountry "LAT"]
[BlackTeamCountry "GRE"]

1. e4 c5 2. Nf3 Nc6 3. d4 cxd4 4. Nxd4 Nf6 5. Nc3 e5 6. Ndb5 d6 7. Bg5 a6 8.
Na3 b5 9. Nd5 Be7 10. Bxf6 Bxf6 11. c3 Bg5 12. Nc2 Ne7 13. Be2 O-O 14. Nce3
Nxd5 15. Nxd5 Rb8 16. O-O Be6 17. Re1 Qd7 18. Bf3 Bd8 19. Re2 Bxd5 20. Qxd5 Bb6
21. Rd1 Rfd8 22. h3 Qc7 23. Red2 a5 24. Be2 Bc5 25. a3 b4 26. axb4 axb4 27. Ra1
bxc3 28. bxc3 Qb7 29. Bc4 Qxd5 30. Bxd5 h5 31. h4 g6 32. Rda2 1/2-1/2

[Event "Europa tch 2011 femenino"]
[Site "Porto Carras"]
[Date "2011.11.11"]
[Round "9.12"]
[White "Fakhiridou, Ekaterini"]
[Black "Skinke, Katrina"]
[Result "1/2-1/2"]
[WhiteElo "2180"]
[BlackElo "2227"]
[PlyCount "147"]
[EventDate "2011.11.03"]
[EventType "team"]
[EventRounds "9"]
[EventCountry "GRE"]
[Source "lmi"]
[SourceDate "2011.11.03"]
[WhiteTeam "Greece"]
[BlackTeam "Latvia"]
[WhiteTeamCountry "GRE"]
[BlackTeamCountry "LAT"]

1. e4 d5 2. exd5 Qxd5 3. Nc3 Qd6 4. d4 Nf6 5. Nf3 a6 6. g3 Bg4 7. h3 Bh5 8. Bg2
Nc6 9. Bf4 Qb4 10. a3 Qc4 11. Qe2 Qxe2+ 12. Nxe2 O-O-O 13. O-O-O e6 14. g4 Bg6
15. Nc3 Ne4 16. Nxe4 Bxe4 17. Be3 Be7 18. Ne1 Bxg2 19. Nxg2 Bf6 20. c3 Na5 21.
Kc2 Nc4 22. Bc1 h5 23. g5 Be7 24. Rhe1 Rd7 25. g6 Rf8 26. gxf7 Rxf7 27. f4 Rf6
28. Re2 Rg6 29. b3 Nd6 30. Ne3 Rg3 31. Rg2 Rxh3 32. Rxg7 Ne4 33. Rg2 Bxa3 34.
Bxa3 Rxe3 35. Rd3 Rxd3 36. Kxd3 Nf6 37. Rg6 Nd5 38. Bc1 Rf7 39. Rxe6 Nxf4+ 40.
Bxf4 Rxf4 41. Rh6 Rh4 42. Rh8+ Kd7 43. Rh7+ Kc6 44. Rh6+ Kb5 45. Rh7 Rh3+ 46.
Kc2 Kc6 47. Rh6+ Kb5 48. Rh7 Kb6 49. Rh6+ c6 50. d5 Kc7 51. dxc6 bxc6 52. b4 h4
53. Rh7+ Kb6 54. Rh6 Rh1 55. c4 h3 56. Kb2 h2 57. Ka2 Kc7 58. Kb2 Kd7 59. Ka2
Ke7 60. Kb2 Kf7 61. b5 axb5 62. cxb5 cxb5 63. Rh3 Ke6 64. Rh8 Kd5 65. Rh5+ Kc4
66. Rh4+ Kc5 67. Rh5+ Kb4 68. Rh4+ Ka5 69. Rh8 Rg1 70. Rxh2 Rg4 71. Rh3 Ka4 72.
Ra3+ Kb4 73. Rb3+ Kc5 74. Rc3+ 1/2-1/2

[Event "Europa tch 2011 femenino"]
[Site "Porto Carras"]
[Date "2011.11.11"]
[Round "9.13"]
[White "Blagojevic, Tijana"]
[Black "Panella, Fiammetta"]
[Result "1/2-1/2"]
[WhiteElo "1925"]
[BlackElo "2014"]
[PlyCount "91"]
[EventDate "2011.11.03"]
[EventType "team"]
[EventRounds "9"]
[EventCountry "GRE"]
[Source "lmi"]
[SourceDate "2011.11.03"]
[WhiteTeam "Montenegro"]
[BlackTeam "Italy"]
[WhiteTeamCountry "MNT"]
[BlackTeamCountry "ITA"]

1. e4 c5 2. Nf3 e6 3. d4 cxd4 4. Nxd4 a6 5. Bd3 Nf6 6. O-O Qc7 7. Qe2 d6 8. c4
g6 9. b3 Bg7 10. Bb2 O-O 11. Nf3 Nc6 12. Nc3 Ng4 13. Rac1 Nge5 14. Rfd1 b6 15.
h3 Bb7 16. Na4 Nxf3+ 17. Qxf3 Bxb2 18. Nxb2 Rad8 19. Qe3 e5 20. Na4 Nd4 21. Nc3
Qd7 22. Ne2 Nxe2+ 23. Qxe2 Qc6 24. Rc2 f5 25. f3 Qc5+ 26. Kh1 f4 27. Qf2 g5 28.
Rcd2 Kf7 29. b4 Qxf2 30. Rxf2 h5 31. Rc2 Rc8 32. Rdc1 Kf6 33. a4 Bc6 34. Ra1 a5
35. c5 bxc5 36. bxc5 Bd7 37. Bb5 Bxb5 38. axb5 Rxc5 39. Rxc5 dxc5 40. Rxa5 Rc8
41. b6 c4 42. b7 Rb8 43. Rc5 Rxb7 44. Rxc4 Rb1+ 45. Kh2 Rb6 46. Rc8 1/2-1/2

[Event "Europa tch 2011 femenino"]
[Site "Porto Carras"]
[Date "2011.11.11"]
[Round "9.13"]
[White "Brunello, Marina"]
[Black "Stojanovic, Marija R"]
[Result "1/2-1/2"]
[WhiteElo "2221"]
[BlackElo "2095"]
[PlyCount "83"]
[EventDate "2011.11.03"]
[EventType "team"]
[EventRounds "9"]
[EventCountry "GRE"]
[Source "lmi"]
[SourceDate "2011.11.03"]
[WhiteTeam "Italy"]
[BlackTeam "Montenegro"]
[WhiteTeamCountry "ITA"]
[BlackTeamCountry "MNT"]

1. e4 e6 2. d4 d5 3. Nd2 c5 4. exd5 Qxd5 5. Ngf3 Nf6 6. Bc4 Qd8 7. O-O Nc6 8.
Nb3 cxd4 9. Bf4 Bd6 10. Bxd6 Qxd6 11. Nbxd4 Nxd4 12. Nxd4 Bd7 13. c3 O-O 14.
Qf3 Rac8 15. Bb3 Bc6 16. Nxc6 Qxc6 17. Qe3 Qc5 18. Qh3 Qh5 19. Qg3 Qe2 20. Rab1
Rfd8 21. Rfe1 Qb5 22. Re5 Rc5 23. Rxc5 Qxc5 24. Qf3 Rd2 25. Rd1 Qd6 26. Rxd2
Qxd2 27. Qd1 Qxd1+ 28. Bxd1 Kf8 29. Bf3 b6 30. Kf1 Ke7 31. Ke2 Kd6 32. Kd3 Nd7
33. Be2 Kd5 34. c4+ Kc5 35. a3 Ne5+ 36. Kc3 a5 37. b4+ axb4+ 38. axb4+ Kd6 39.
f4 Nd7 40. Kd4 f6 41. h4 g6 42. Bd3 1/2-1/2

[Event "Europa tch 2011 femenino"]
[Site "Porto Carras"]
[Date "2011.11.11"]
[Round "9.13"]
[White "Milovic, Aleksandra"]
[Black "Zimina, Olga"]
[Result "0-1"]
[WhiteElo "2171"]
[BlackElo "2338"]
[PlyCount "78"]
[EventDate "2011.11.03"]
[EventType "team"]
[EventRounds "9"]
[EventCountry "GRE"]
[Source "lmi"]
[SourceDate "2011.11.03"]
[WhiteTeam "Montenegro"]
[BlackTeam "Italy"]
[WhiteTeamCountry "MNT"]
[BlackTeamCountry "ITA"]

1. Nc3 e5 2. Nf3 Nc6 3. d4 exd4 4. Nxd4 Nf6 5. Bg5 h6 6. Bxf6 Qxf6 7. Ndb5 Qd8
8. Nd5 Bb4+ 9. c3 Ba5 10. b4 a6 11. Nd4 Bb6 12. Nxb6 cxb6 13. Nf5 Qf6 14. Nd6+
Ke7 15. Nxc8+ Raxc8 16. Rc1 Rhd8 17. e3 Qg5 18. g3 Kf8 19. Bg2 d5 20. O-O Kg8
21. Qb3 Rd6 22. Rfd1 Rcd8 23. Rc2 Ne7 24. Rcd2 Qe5 25. Rd3 h5 26. h4 g6 27.
R1d2 Kg7 28. Qd1 Rc8 29. f4 Qf6 30. e4 Rdc6 31. exd5 Rxc3 32. Rxc3 Qxc3 33. d6
Nf5 34. Rd3 Qxb4 35. d7 Rd8 36. Kh2 Qb2 37. Qe1 Kg8 38. Qe4 Nh6 39. Re3 Ng4+
0-1

[Event "Europa tch 2011 femenino"]
[Site "Porto Carras"]
[Date "2011.11.11"]
[Round "9.13"]
[White "Sedina, Elena"]
[Black "Vojinovic, Jovana"]
[Result "1/2-1/2"]
[WhiteElo "2343"]
[BlackElo "2346"]
[PlyCount "43"]
[EventDate "2011.11.03"]
[EventType "team"]
[EventRounds "9"]
[EventCountry "GRE"]
[Source "lmi"]
[SourceDate "2011.11.03"]
[WhiteTeam "Italy"]
[BlackTeam "Montenegro"]
[WhiteTeamCountry "ITA"]
[BlackTeamCountry "MNT"]

1. e4 e6 2. d4 d5 3. Nc3 Nf6 4. e5 Nfd7 5. f4 c5 6. Nf3 Nc6 7. Be3 cxd4 8. Nxd4
Bc5 9. Qd2 O-O 10. O-O-O Bxd4 11. Bxd4 Qa5 12. Kb1 Rb8 13. Qf2 b5 14. Bd3 Nxd4
15. Qxd4 b4 16. Ne2 Qc5 17. h4 Rb6 18. h5 Ba6 19. Bxa6 Rxa6 20. Qxc5 Nxc5 21.
h6 g6 22. Rd4 1/2-1/2

[Event "Europa tch 2011 femenino"]
[Site "Porto Carras"]
[Date "2011.11.11"]
[Round "9.14"]
[White "Carlsen, Ellen Oen"]
[Black "De Seroux, Camille"]
[Result "1/2-1/2"]
[WhiteElo "1931"]
[BlackElo "2056"]
[PlyCount "90"]
[EventDate "2011.11.03"]
[EventType "team"]
[EventRounds "9"]
[EventCountry "GRE"]
[Source "lmi"]
[SourceDate "2011.11.03"]
[WhiteTeam "Norway"]
[BlackTeam "Switzerland"]
[WhiteTeamCountry "NOR"]
[BlackTeamCountry "SUI"]

1. e4 c5 2. Nf3 d6 3. d4 cxd4 4. Nxd4 Nf6 5. Nc3 Nc6 6. Bg5 Qb6 7. Nb3 e6 8.
Bxf6 gxf6 9. Qd2 Bd7 10. O-O-O O-O-O 11. f4 Rg8 12. g3 Na5 13. Kb1 Kb8 14. Be2
Nxb3 15. axb3 Qa5 16. Qd4 Be7 17. b4 Qc7 18. Nb5 Bxb5 19. Bxb5 d5 20. e5 fxe5
21. fxe5 Rg5 22. Rhf1 Bf8 23. Rf3 Bg7 24. Qf2 Qxe5 25. c4 f5 26. Re1 Qf6 27.
Ra3 d4 28. Rxe6 Qxe6 29. Qf4+ Be5 30. Qxg5 Rg8 31. Qc1 Rg4 32. c5 Re4 33. Bc4
Qe7 34. Ka2 Bf6 35. Qf1 Qe5 36. Bd3 Qe6+ 37. Bc4 Qd7 38. Bd3 Qe6+ 39. Bc4 Qd7
40. Bd3 Qe6+ 41. Bc4 Re1 42. Qf4+ Qe5 43. Qxe5+ Rxe5 44. Rf3 a5 45. Bd3 axb4
1/2-1/2

[Event "Europa tch 2011 femenino"]
[Site "Porto Carras"]
[Date "2011.11.11"]
[Round "9.14"]
[White "Heinatz, Dr Gundula"]
[Black "Reppen, Ellisiv"]
[Result "1-0"]
[WhiteElo "2205"]
[BlackElo "1949"]
[PlyCount "67"]
[EventDate "2011.11.03"]
[EventType "team"]
[EventRounds "9"]
[EventCountry "GRE"]
[Source "lmi"]
[SourceDate "2011.11.03"]
[WhiteTeam "Switzerland"]
[BlackTeam "Norway"]
[WhiteTeamCountry "SUI"]
[BlackTeamCountry "NOR"]

1. d4 Nf6 2. c4 c5 3. Nf3 cxd4 4. Nxd4 Nc6 5. Nc3 g6 6. e4 d6 7. Be2 Bg7 8. Be3
O-O 9. O-O Bd7 10. Rc1 a6 11. Nb3 Ne5 12. f3 b5 13. c5 dxc5 14. Nxc5 Bc6 15. b4
Nfd7 16. Qb3 Nb6 17. Rfd1 Qc7 18. a4 Nec4 19. Bf2 Bh6 20. a5 Nd7 21. Nxd7 Bxd7
22. Nd5 Qe5 23. Rc2 Rae8 24. Bg3 Qg7 25. Bxc4 bxc4 26. Rxc4 Bb5 27. Rc7 e6 28.
Ne7+ Kh8 29. Nc6 Bxc6 30. Rxc6 Rc8 31. Rc5 Bg5 32. Rxg5 Rc3 33. Qxc3 Qxc3 34.
Be5+ 1-0

[Event "Europa tch 2011 femenino"]
[Site "Porto Carras"]
[Date "2011.11.11"]
[Round "9.14"]
[White "Johnsen, Sylvia"]
[Black "Seps, Monika"]
[Result "0-1"]
[WhiteElo "2028"]
[BlackElo "2198"]
[PlyCount "68"]
[EventDate "2011.11.03"]
[EventType "team"]
[EventRounds "9"]
[EventCountry "GRE"]
[Source "lmi"]
[SourceDate "2011.11.03"]
[WhiteTeam "Norway"]
[BlackTeam "Switzerland"]
[WhiteTeamCountry "NOR"]
[BlackTeamCountry "SUI"]

1. e4 c5 2. Nf3 Nc6 3. d4 cxd4 4. Nxd4 e5 5. Nb3 Bb4+ 6. Bd2 Be7 7. Nc3 Nf6 8.
Bc4 O-O 9. O-O Nxe4 10. Nxe4 d5 11. Ba5 Nxa5 12. Bxd5 Bf5 13. Re1 Rc8 14. Qd3
Nxb3 15. Qxb3 Qc7 16. c4 Bg6 17. Rad1 b6 18. Qb5 Rfd8 19. Nc3 Bc5 20. Qa4 a5
21. a3 Qe7 22. Ne4 Bd4 23. b4 axb4 24. axb4 Qh4 25. g3 Qg4 26. Qb5 h5 27. h4
Bxe4 28. Rxd4 exd4 29. Rxe4 Qd1+ 30. Kg2 d3 31. Qxb6 Rxd5 32. cxd5 d2 33. Rd4
Qe1 34. Qa6 Rc1 0-1